Score 0/23 Timer 03:00
0 Plays Today
% Correct
Donald Duck
94.5%
Donald Trump
93.2%
Don McLean
91.1%
Don Quixote
91.1%
Don King
88.4%
Don Johnson
87.7%
Donald Rumsfeld
87.7%
Don Vito Corleone
87.7%
Don Cheadle
86.3%
Don Everly
84.2%
Donald Sutherland
80.1%
Don Henley
79.5%
% Correct
Don Giovanni
71.9%
Don Ameche
68.5%
Don Imus
66.4%
Donald Faison
62.3%
Donald Pleasence
58.2%
Donald O'Connor
53.4%
Don Bradman
50.7%
Don Williams
47.3%
Don Nelson
46.6%
Don Lemon
37.7%
Don Zimmerman
37%
Remove Ads.
Support Sporcle.
Get the best of Sporcle when you Go Orange. This ad-free experience offers more features, more stats, and more fun while also helping to support Sporcle. Thank you for becoming a member.

You're not logged in!

Compare scores with friends on all Sporcle quizzes.
OR
Log In

Show Comments

Extras

Top Quizzes Today


Score Distribution

Your Account Isn't Verified!

In order to create a playlist on Sporcle, you need to verify the email address you used during registration. Go to your Sporcle Settings to finish the process.

Report this User

Report this user for behavior that violates our Community Guidelines.

Details: